Générique Arc-en-ciel, le plus beau poisson des océans - Paroles - Statistiques

Statistiques générales
  • Ce quiz a été pris 13 fois
  • Le résultat moyen est 7 sur 16
Statistiques - réponses
Paroles % Correct
Y'a un Arc-en-ciel dans la {mer} !
100%
Arc-en-ciel... dans la {mer}
92%
Le plus beau {poisson} des océans (Des océans)
83%
Qui est l'plus mignon au {fond} de l'eau ? (De l'eau)
83%
Arc-en-ciel vient par {ici}
67%
C'est Arc-en-{ciel} !
67%
Le plus beau poisson des {océans}
58%
Venez nagez à ses {côtés}
58%
Il plonge au {coeur} des grands dangers (Grands dangers)
33%
Tout l'monde le {connait}
25%
Qui fend l'écume d'{argent} ?
17%
Après la {classe}, quelle audace (Quelle audace)
8%
Dans la baie de {Neptune} avec ses amis (Ses amis)
8%
Et qui chaque jour prends la vague de l'{aventure} ?
8%
Joue à cache-cache dans les flots d'{azur} ?
8%
Son corps {étincelle}
8%
Aucun quiz correspondant
Distribution des résultats
% des personnes avec chaque résultat
Percentile par nombre de réponses
Votre historique - résultats
Vous n’avez pas pris ce quiz